|
|
|
|
| LEADER |
00999nam a22002297a 4500 |
| 001 |
AAL8067 |
| 003 |
BD-DhAAL |
| 005 |
20160303093543.0 |
| 008 |
160303s 2012bg a|||| b||| 00| 0 ben d |
| 082 |
|
|
|a 745.095492
|
| 100 |
|
|
|a তুহিন, মেজবাহ উদ্দিন
|9 18317
|
| 245 |
|
|
|a বাংলার লোকশিল্প ও লোক ঐতিহ্য /
|c মেজবাহ উদ্দিন তুহিন
|
| 250 |
|
|
|a 1st ed.
|
| 260 |
|
|
|a ঢাকা :
|b আহমদ পাবলিশিং হাউস,
|c ২০১২
|
| 300 |
|
|
|a ১৫৯ পৃ. :
|b চিত্র ;
|c ২২ সে.মি.
|
| 504 |
|
|
|6 Includes bibliographies
|
| 541 |
|
|
|e 8067
|
| 650 |
|
|
|a Folk art
|z Bangladesh
|9 18318
|
| 852 |
|
|
|a Savar Campus Library
|c General Stack
|
| 942 |
|
|
|2 ddc
|c BK
|
| 999 |
|
|
|c 37023
|d 37023
|
| 952 |
|
|
|0 0
|1 0
|2 ddc
|4 0
|6 745_095492000000000_TUH
|7 0
|9 58263
|a SCL
|b SCL
|c GEN
|d 2016-03-03
|g 200.00
|l 1
|m 1
|o 745.095492 TUH
|p 3020008067
|r 2019-07-22
|s 2019-06-24
|t 1
|w 2016-03-03
|y BK
|